| 000 | 00473nam a2200169Ia 4500 | ||
|---|---|---|---|
| 008 | 230917s9999||||xx |||||||||||||| ||und|| | ||
| 020 | _cRS 529.00 | ||
| 040 |
_e5000853 _aMAIN |
||
| 041 | _aEnglish | ||
| 082 | _a006.3 J199A | ||
| 100 | _aJain, Nilakshi | ||
| 245 | 0 | _aArtificial Intelligence: Making a system intelligent | |
| 260 |
_aNew Delhi _bWiley India _c2019 |
||
| 300 | _axvii, 426 p. | ||
| 500 | _a4508 27/01/2022 HBD22/9298 04/03/2022 Main Budget | ||
| 942 | _cBK | ||
| 999 |
_c5284 _d5284 |
||